UBT Library

Rheumatology Subspecialty Consult (Record no. 54422)

000 -LEADER
fixed length control field 00318nam a22001337a 4500
008 - FIXED-LENGTH DATA ELEMENTS--GENERAL INFORMATION
fixed length control field 190304b xxu||||| |||| 00| 0 eng d
020 ## - INTERNATIONAL STANDARD BOOK NUMBER
International Standard Book Number 9781451114126
041 ## - LANGUAGE CODE
Language code of text/sound track or separate title eng
080 ## - UNIVERSAL DECIMAL CLASSIFICATION NUMBER
Edition identifier 2nd
Universal Decimal Classification number 616-002.77
100 ## - Rafti
Rafti 7
101 ## - Shkurtesa
Shkurtesa REU
245 ## - TITLE STATEMENT
Title Rheumatology Subspecialty Consult
Statement of responsibility, etc Henderson,K.E
942 ## - ADDED ENTRY ELEMENTS (KOHA)
Source of classification or shelving scheme
Item type Books
Holdings
Withdrawn status Lost status Source of classification or shelving scheme Damaged status Not for loan Collection code Permanent location Current location Shelving location Date acquired Total Checkouts Full call number Barcode Date last seen Price effective from Koha item type
          Koleksioni i përgjithshem UBT - Lipjan UBT - Lipjan Koleksioni i përgjithshem 03/04/2019   616-002.77 HEN 002-3022622 03/04/2019 03/04/2019 Books
UBT Library © 2015-2024. All rights reserved University Education for Business and Technology